| 000 | 00521nam a22001577a 4500 | ||
|---|---|---|---|
| 020 | _a0070601437 | ||
| 082 | _a621.3 GIB | ||
| 100 | _aGibilisco, Stan. | ||
| 245 | _aElectricity demystified | ||
| 260 |
_aNew Delhi, India _bMcGraw Hill _c2005 |
||
| 300 |
_axii, 340 p. _bill. ; |
||
| 490 | _aDemystified series McGraw-Hill "Demystified" series. | ||
| 500 | _aIncludes bibliographical references (p. 330) and index. | ||
| 650 | _a1. Electronics --Juvenile literature. 2. Electricity --Juvenile literature. | ||
| 942 | _cBK | ||
| 999 |
_c12476 _d12476 |
||